[Event "Budapest-chT1 Lilienthal 1718"]
[Site "Budapest"]
[Date "2018.04.15"]
[Round "13"]
[White "Szabo, Miklos"]
[Black "Schatzer, Andras"]
[Result "0-1"]
[WhiteElo "1759"]
[BlackElo "1832"]
[PlyCount "90"]
[EventDate "2017.10.01"]
[EventType "team-tourn"]
[EventRounds "13"]
[EventCountry "HUN"]
[SourceTitle "EXT 2021"]
[Source "ChessBase"]
[SourceDate "2020.10.23"]
[SourceVersion "1"]
[SourceVersionDate "2020.10.23"]
[SourceQuality "1"]
[WhiteTeam "Penzugyor III"]
[BlackTeam "Barcza GSC"]
[WhiteTeamCountry "HUN"]
[BlackTeamCountry "HUN"]

1. e4 c5 2. Nf3 Nc6 3. Bb5 d6 4. 0-0 Bd7 5. c3 Nf6 6. Re1 a6 7. Ba4 b5 8. Bc2 Bg4 9. h3 Bh5 10. d3 e5 11. Nbd2 Be7 12. Nf1 0-0 13. Ng3 Bg6 14. d4 cxd4 15. cxd4 Rc8 16. d5 Na5 17. b3 Nxd5 18. Nf5 Bxf5 19. exf5 Nf6 20. Bb2 Nc6 21. a3 Qb6 22. g4 h6 23. Rc1 Rfd8 24. Nh2 Nh7 25. Be4 Bh4 26. Re2 Ng5 27. Bg2 Ne7 28. Nf3 Nxf3+ 29. Bxf3 Bg5 30. Rcc2 Rxc2 31. Rxc2 Rc8 32. Bc1 Rxc2 33. Qxc2 Bxc1 34. Qxc1 Qc5 35. Qb2 f6 36. b4 Qc4 37. Bb7 Nd5 38. Qd2 Nf4 39. Qxd6 Ne2+ 40. Kg2 Nf4+ 41. Kh2 Qf1 42. Bd5+ Kh7 43. Qc6 Qxh3+ 44. Kg1 Qxg4+ 45. Kf1 Qd1# 0-1

[Event "Budapest op 3rd"]
[Site "Budapest"]
[Date "2013.08.22"]
[Round "6"]
[White "Schatzer, Andras"]
[Black "Furedi, Erik"]
[Result "0-1"]
[WhiteElo "1827"]
[BlackElo "1927"]
[PlyCount "80"]
[EventDate "2013.08.17"]
[EventType "swiss"]
[EventRounds "9"]
[EventCountry "HUN"]
[SourceTitle "CBM 156 Extra"]
[Source "ChessBase"]
[SourceDate "2013.10.22"]
[SourceVersion "1"]
[SourceVersionDate "2013.10.22"]
[SourceQuality "1"]

1. Nf3 d5 2. g3 c5 3. c4 d4 4. b4 cxb4 5. a3 e6 6. Bg2 bxa3 7. Bxa3 Bxa3 8. Nxa3 Nc6 9. 0-0 Nge7 10. Qa4 0-0 11. d3 Bd7 12. Rfb1 Rb8 13. Qc2 e5 14. Nd2 a6 15. c5 f6 16. Nac4 Qc7 17. Nd6 Be6 18. Rb6 Rfd8 19. Rab1 Rd7 20. Nxb7 Nd5 21. Bxd5 Bxd5 22. Nd6 Rxb6 23. Rxb6 Rxd6 24. cxd6 Qxb6 25. Nc4 Qb7 26. f3 h6 27. Kf2 Be6 28. Qa2 Qb5 29. d7 Kh7 30. Qa3 Bxd7 31. Qd6 Qb7 32. Qf8 Be6 33. Nd2 Qb4 34. Qe8 Bd5 35. Qd7 Ne7 36. Nc4 Qb7 37. Qd6 Nf5 38. Qf8 Bxc4 39. dxc4 Ne3 40. Qa3 Qb1 0-1

[Event "Budapest op 3rd"]
[Site "Budapest"]
[Date "2013.08.17"]
[Round "1"]
[White "Kormos, Adam"]
[Black "Schatzer, Andras"]
[Result "1/2-1/2"]
[WhiteElo "2198"]
[BlackElo "1827"]
[PlyCount "68"]
[EventDate "2013.08.17"]
[EventType "swiss"]
[EventRounds "9"]
[EventCountry "HUN"]
[SourceTitle "CBM 156 Extra"]
[Source "ChessBase"]
[SourceDate "2013.10.22"]
[SourceVersion "1"]
[SourceVersionDate "2013.10.22"]
[SourceQuality "1"]

1. e4 c5 2. Nf3 Nc6 3. d4 cxd4 4. Nxd4 g6 5. Nc3 Bg7 6. Be3 Nf6 7. Nxc6 bxc6 8. e5 Nd5 9. Nxd5 cxd5 10. Qxd5 Rb8 11. Bc4 0-0 12. 0-0 Bb7 13. Qd4 d6 14. Qxa7 Qc8 15. Bb3 Bxe5 16. f3 Bxb2 17. Rad1 Ba6 18. Qxe7 Bxf1 19. Rxf1 Qc6 20. Bh6 Bg7 21. Bxg7 Kxg7 22. Rd1 Qc3 23. Qe4 Rfe8 24. Qd4+ Qxd4+ 25. Rxd4 Rb6 26. Kf2 f5 27. Ra4 Re7 28. Ra8 d5 29. Bxd5 Rd6 30. c4 Rdd7 31. a4 Ra7 32. f4 Kf6 33. Rxa7 Rxa7 34. Bc6 Ke6 1/2-1/2

[Event "Budapest Art Pub Cup 2nd"]
[Site "Budapest"]
[Date "2013.08.10"]
[Round "4"]
[White "Fabian, Laszlo"]
[Black "Schatzer, Andras"]
[Result "1/2-1/2"]
[WhiteElo "1656"]
[BlackElo "1827"]
[PlyCount "80"]
[EventDate "2013.08.09"]
[EventType "swiss"]
[EventRounds "6"]
[EventCountry "HUN"]
[SourceTitle "CBM 156 Extra"]
[Source "ChessBase"]
[SourceDate "2013.10.22"]
[SourceVersion "1"]
[SourceVersionDate "2013.10.22"]
[SourceQuality "1"]

1. e4 c5 2. Nf3 Nc6 3. c3 Nf6 4. d3 d6 5. Be2 g6 6. 0-0 Bg7 7. h3 0-0 8. Be3 Rb8 9. Nbd2 b5 10. Rb1 b4 11. c4 Ne8 12. Qc2 f5 13. exf5 Bxf5 14. Ne4 Nc7 15. Rfd1 Ne6 16. Nh4 Ned4 17. Bxd4 Nxd4 18. Qd2 Bd7 19. Nf3 Nxf3+ 20. Bxf3 Bxh3 21. Ng5 Bh6 22. Qe3 Bxg5 23. Qxg5 Bd7 24. Qd5+ Kh8 25. d4 Bf5 26. Rbc1 e6 27. Qc6 Rb6 28. Qa4 cxd4 29. Rxd4 e5 30. c5 exd4 31. cxb6 axb6 32. Qxb4 Qf6 33. Qxb6 Be4 34. Rd1 Bxf3 35. gxf3 Qg5+ 36. Kf1 Qc5 37. Qb3 Kg7 38. Re1 Rf7 39. Qd3 h5 40. Re6 Qc1+ 1/2-1/2

[Event "Budapest Spring op 29th"]
[Site "Budapest"]
[Date "2013.03.27"]
[Round "9"]
[White "Schatzer, Andras"]
[Black "Dlauchy, Peter"]
[Result "1/2-1/2"]
[WhiteElo "1782"]
[BlackElo "1832"]
[PlyCount "75"]
[EventDate "2013.03.18"]
[EventType "swiss"]
[EventRounds "9"]
[EventCountry "HUN"]
[SourceTitle "CBM 153 Extra"]
[Source "ChessBase"]
[SourceDate "2013.04.22"]
[SourceVersion "1"]
[SourceVersionDate "2013.04.22"]
[SourceQuality "1"]

1. Nf3 d5 2. c4 e6 3. g3 Nf6 4. Bg2 Be7 5. 0-0 0-0 6. b3 c5 7. cxd5 exd5 8. d4 Nc6 9. Bb2 Bf5 10. dxc5 Bxc5 11. Nc3 Be4 12. Rc1 Be7 13. Nxe4 Nxe4 14. Nd2 f5 15. Nf3 Qd6 16. Nd4 a6 17. f3 Ng5 18. h4 Qxg3 19. hxg5 Bxg5 20. Rc3 Bf4 21. Re1 Rf6 22. Nxc6 bxc6 23. e3 Re8 24. Re2 Qh2+ 25. Kf1 Rfe6 26. Bc1 d4 27. Qxd4 Be5 28. Qc4 Bxc3 29. Qxc3 Rd6 30. Rd2 Red8 31. Qc4+ Kh8 32. Qxa6 h6 33. Rxd6 Qxd6 34. Qc4 Qf6 35. Qc2 Qd6 36. Ke2 Qg3 37. Kf1 Qd6 38. Ke2 1/2-1/2

[Event "Budapest op 08"]
[Site "Budapest"]
[Date "2012.08.26"]
[Round "9"]
[White "Indig, Akos"]
[Black "Schatzer, Andras"]
[Result "0-1"]
[WhiteElo "1349"]
[BlackElo "1729"]
[PlyCount "58"]
[EventDate "2012.08.18"]
[EventType "swiss"]
[EventRounds "9"]
[EventCountry "HUN"]
[SourceTitle "EXT 2014"]
[Source "ChessBase"]
[SourceDate "2013.11.20"]
[SourceVersion "1"]
[SourceVersionDate "2013.11.20"]
[SourceQuality "1"]

1. e4 c5 2. Nf3 Nc6 3. d4 cxd4 4. Nxd4 g6 5. Nc3 Bg7 6. Be3 Nf6 7. Bc4 Qa5 8. Qd2 Ng4 9. 0-0-0 Nxe3 10. Qxe3 Nxd4 11. Rxd4 Bxd4 12. Qxd4 Qg5+ 13. Kb1 0-0 14. Rg1 d6 15. g4 Be6 16. Be2 Qc5 17. Qxc5 dxc5 18. f4 f6 19. h4 Rad8 20. f5 Bf7 21. g5 Rd2 22. Kc1 Rd4 23. h5 Kg7 24. h6+ Kh8 25. Bh5 gxh5 26. g6 hxg6 27. fxg6 Bxg6 28. Rxg6 Rg8 29. Rxg8+ Kxg8 0-1

[Event "Budapest op 08"]
[Site "Budapest"]
[Date "2012.08.24"]
[Round "7"]
[White "Devald, Peter"]
[Black "Schatzer, Andras"]
[Result "1-0"]
[WhiteElo "1563"]
[BlackElo "1729"]
[PlyCount "51"]
[EventDate "2012.08.18"]
[EventType "swiss"]
[EventRounds "9"]
[EventCountry "HUN"]
[SourceTitle "EXT 2014"]
[Source "ChessBase"]
[SourceDate "2013.11.20"]
[SourceVersion "1"]
[SourceVersionDate "2013.11.20"]
[SourceQuality "1"]

1. e4 c5 2. Nf3 Nc6 3. d4 cxd4 4. Nxd4 g6 5. Nc3 Bg7 6. Be3 Nf6 7. Bc4 Qa5 8. f3 Qb4 9. Bb3 Nxe4 10. fxe4 Bxd4 11. Bxd4 Qxd4 12. Qxd4 Nxd4 13. 0-0 Nxb3 14. axb3 0-0 15. Nd5 e6 16. Nb6 Rb8 17. Rxa7 f5 18. e5 Rd8 19. Rd1 d5 20. exd6 Bd7 21. c4 Bc6 22. b4 e5 23. b5 Bd7 24. Nxd7 Rxd7 25. c5 Rc8 26. c6 1-0

[Event "Budapest BEAC"]
[Site "Budapest"]
[Date "2012.06.01"]
[Round "11"]
[White "Kovacsy, Barnabas"]
[Black "Schatzer, Andras"]
[Result "1/2-1/2"]
[WhiteElo "1523"]
[BlackElo "1771"]
[PlyCount "57"]
[EventDate "2012.05.16"]
[EventType "tourn"]
[EventRounds "11"]
[EventCountry "HUN"]
[SourceTitle "EXT 2014"]
[Source "ChessBase"]
[SourceDate "2013.11.20"]
[SourceVersion "1"]
[SourceVersionDate "2013.11.20"]
[SourceQuality "1"]

1. e4 c5 2. Nf3 Nc6 3. d4 cxd4 4. Nxd4 g6 5. c4 Bg7 6. Be3 Nf6 7. Nc3 d6 8. Be2 0-0 9. 0-0 Ne5 10. h3 Qc7 11. b3 a6 12. Qd2 Re8 13. Rac1 Nc6 14. Nd5 Qd8 15. Nxc6 bxc6 16. Bb6 Qd7 17. Nc7 Rb8 18. Nxe8 Rxb6 19. Nxf6+ Bxf6 20. Rfd1 c5 21. Bg4 e6 22. Re1 Qe7 23. Rcd1 Bd4 24. e5 dxe5 25. Rxe5 Rd6 26. Ree1 Bb7 27. Qe2 e5 28. Qf1 Rf6 29. Re2 1/2-1/2

[Event "Budapest BEAC"]
[Site "Budapest"]
[Date "2012.05.29"]
[Round "8"]
[White "Schatzer, Andras"]
[Black "Kelemen, Szabolcs"]
[Result "1-0"]
[WhiteElo "1771"]
[BlackElo "1245"]
[PlyCount "41"]
[EventDate "2012.05.16"]
[EventType "tourn"]
[EventRounds "11"]
[EventCountry "HUN"]
[SourceTitle "EXT 2014"]
[Source "ChessBase"]
[SourceDate "2013.11.20"]
[SourceVersion "1"]
[SourceVersionDate "2013.11.20"]
[SourceQuality "1"]

1. e4 c5 2. c3 e5 3. Nf3 Nc6 4. d4 cxd4 5. cxd4 Bb4+ 6. Bd2 exd4 7. Nxd4 Bxd2+ 8. Qxd2 Nf6 9. Nc3 0-0 10. Be2 Re8 11. f3 Qb6 12. Rd1 Nxd4 13. Qxd4 Qxb2 14. 0-0 Qa3 15. e5 Nh5 16. f4 g6 17. Bxh5 gxh5 18. Rf3 d6 19. Rg3+ Kf8 20. exd6 Bg4 21. Qh8# 1-0

[Event "Budapest op 1st"]
[Site "Budapest"]
[Date "2011.08.22"]
[Round "3"]
[White "Mester, Attila"]
[Black "Schatzer, Andras"]
[Result "1/2-1/2"]
[WhiteElo "2119"]
[BlackElo "1798"]
[PlyCount "102"]
[EventDate "2011.08.20"]
[EventType "swiss"]
[EventRounds "9"]
[EventCountry "HUN"]
[SourceTitle "EXT 2022"]
[Source "ChessBase"]
[SourceDate "2021.10.06"]
[SourceVersion "1"]
[SourceVersionDate "2021.10.06"]
[SourceQuality "1"]

1. e4 e5 2. Nf3 Nc6 3. Bc4 Bc5 4. b4 Bxb4 5. c3 Ba5 6. d4 exd4 7. 0-0 dxc3 8. Qb3 Qf6 9. e5 Qe7 10. Bg5 Qb4 11. Bxf7+ Kf8 12. Bxg8 Rxg8 13. Qd5 h6 14. Nxc3 Qg4 15. Qc5+ Kf7 16. h3 Qf5 17. Qc4+ Kf8 18. Be3 b6 19. Nd5 Qf7 20. Qe4 Bb7 21. Nxc7 Rc8 22. e6 Qe7 23. Qf4+ Qf6 24. exd7 Rb8 25. Qxf6+ gxf6 26. Bxh6+ Ke7 27. Nd5+ Ke6 28. Rad1 Ne5 29. Nc7+ Ke7 30. Nxe5 Rxg2+ 31. Kh1 Rxf2+ 32. Kg1 Rg2+ 33. Kh1 Re2+ 34. Nf3 Rh8 35. Rd4 b5 36. Nxb5 Rxh6 37. d8Q+ Bxd8 38. h4 Bb6 39. Rf4 Be3 40. Rg4 Rh7 41. Nbd4 Bxd4 42. Rxd4 Rg7 43. Rb4 Be4 44. Ra4 Ke8 45. Rc4 Rg4 46. Rc3 Rxh4+ 47. Kg1 Rg4+ 48. Kh1 Rgg2 49. Rd1 Rg3 50. Rf1 Rgg2 51. Re1 Rh2+ 1/2-1/2

[Event "Budapest op 1st"]
[Site "Budapest"]
[Date "2011.08.20"]
[Round "1"]
[White "Torok, Tamas Titusz"]
[Black "Schatzer, Andras"]
[Result "1-0"]
[WhiteElo "2059"]
[BlackElo "1798"]
[PlyCount "73"]
[EventDate "2011.08.20"]
[EventType "swiss"]
[EventRounds "9"]
[EventCountry "HUN"]
[SourceTitle "EXT 2022"]
[Source "ChessBase"]
[SourceDate "2021.10.06"]
[SourceVersion "1"]
[SourceVersionDate "2021.10.06"]
[SourceQuality "1"]

1. e4 e5 2. Nf3 Nc6 3. c3 Bc5 4. d4 exd4 5. cxd4 Bb4+ 6. Nc3 d5 7. e5 Nge7 8. a3 Ba5 9. Be2 0-0 10. 0-0 h6 11. b4 Bb6 12. Na4 Bd7 13. Nc5 Bxc5 14. dxc5 Bg4 15. Bb2 Ng6 16. h3 Bxf3 17. Bxf3 Ncxe5 18. Bxd5 c6 19. Be4 Qxd1 20. Rfxd1 Rad8 21. g3 Nc4 22. Bc3 Rxd1+ 23. Rxd1 Nxa3 24. Rd7 Nb5 25. Bb2 Ne5 26. Bxe5 Re8 27. f4 f6 28. Bg6 Ra8 29. Bb2 b6 30. Bd3 bxc5 31. bxc5 a5 32. Bxb5 cxb5 33. c6 Rc8 34. c7 Kh7 35. Bxf6 Kg6 36. Be5 b4 37. Rd8 1-0